Princip izlučenija i difrakcia voln /

Guardado en:
Detalles Bibliográficos
Autor principal: Antropov, V.A (Autor)
Formato: Libro
Lenguaje:ruso
Publicado: Minsk : I.B.G.U, 1979
Materias:
Etiquetas: Agregar Etiqueta
Sin Etiquetas, Sea el primero en etiquetar este registro!

MARC

LEADER 00000nam a22000003a 4500
001 stu34359
005 20150617225729.6
008 920316s1979----xxr-----------------rus-d
040 |a STU  |b slo 
041 0 |a rus 
044 |a xxr 
080 |a 535.42 
100 1 |a Antropov, V.A  |4 aut 
245 1 |a Princip izlučenija i difrakcia voln /  |c [aut.]V.A. Antropov 
260 |a Minsk :  |b I.B.G.U,  |c 1979 
300 |a 108 s 
650 7 |a vlny  |2 stusub 
650 7 |a difrakcia  |2 stusub 
996 |b 284M047487  |c M*1540-1  |l MMKN  |s A  |a 24  |w stu34359_0001